[Event "EU-ch U16"]
[Site "Bratislava"]
[Date "2019.08.09"]
[Round "8"]
[White "Ruchko, Denis"]
[Black "Lomandong, Marc Antoine"]
[Result "0-1"]
[WhiteElo "2002"]
[BlackElo "2055"]
[PlyCount "114"]
[EventDate "2019.08.02"]
[EventType "swiss"]
[EventRounds "9"]
[EventCountry "SVK"]
[SourceTitle "CBM 191 Extra"]
[Source "ChessBase"]
[SourceDate "2019.09.30"]
[SourceVersion "1"]
[SourceVersionDate "2019.09.30"]
[SourceQuality "1"]

1. d4 g6 2. c4 Bg7 3. Nc3 c5 4. Nf3 cxd4 5. Nxd4 Nc6 6. e3 Nf6 7. Be2 0-0 8. 0-0 d6 9. b3 a6 10. Bb2 Re8 11. Qd2 Nxd4 12. Qxd4 Be6 13. Qd2 Rc8 14. e4 Qa5 15. Rfd1 Nd7 16. Na4 Qxd2 17. Rxd2 Bxb2 18. Rxb2 Rc7 19. f3 Rb8 20. Rd2 b5 21. Nb2 b4 22. f4 Nc5 23. Bf3 f5 24. Re1 fxe4 25. Bxe4 Bf5 26. Bxf5 gxf5 27. Rd5 Rf8 28. Nd3 Nxd3 29. Rxd3 Kf7 30. Rd5 Kf6 31. Re3 h5 32. Rg3 Rc6 33. Rg5 e6 34. Rd3 h4 35. Rh3 Rh8 36. g3 d5 37. Rxh4 Rxh4 38. gxh4 dxc4 39. bxc4 Rxc4 40. Rg8 Rxf4 41. Ra8 Rxh4 42. Rxa6 Re4 43. Kf2 Ke5 44. Kf3 Kd5 45. Rb6 Kc5 46. Ra6 Kd5 47. Rb6 Rd4 48. Kg3 e5 49. h4 Ke4 50. h5 f4+ 51. Kg4 Ke3 52. Re6 f3+ 53. Kg3 Re4 54. Rd6 f2 55. Rd1 Rf4 56. Kg2 Rg4+ 57. Kh2 Ke2 0-1

[Event "EU-ch U16"]
[Site "Bratislava"]
[Date "2019.08.06"]
[Round "5"]
[White "Lomandong, Marc Antoine"]
[Black "Turcan, Richard"]
[Result "1-0"]
[WhiteElo "2055"]
[BlackElo "2244"]
[PlyCount "79"]
[EventDate "2019.08.02"]
[EventType "swiss"]
[EventRounds "9"]
[EventCountry "SVK"]
[SourceTitle "CBM 191 Extra"]
[Source "ChessBase"]
[SourceDate "2019.09.30"]
[SourceVersion "1"]
[SourceVersionDate "2019.09.30"]
[SourceQuality "1"]

1. d4 d5 2. Bf4 Nf6 3. e3 c5 4. c3 Nc6 5. Nd2 e6 6. Bd3 Bd6 7. Bg3 0-0 8. Ngf3 b6 9. Ne5 Qc7 10. f4 a5 11. Bh4 Be7 12. Qf3 Ba6 13. Bc2 cxd4 14. Nxc6 Qxc6 15. exd4 Rfc8 16. g4 Qc7 17. Bg3 Bd6 18. h4 b5 19. g5 Nd7 20. g6 b4 21. gxf7+ Kf8 22. c4 b3 23. axb3 dxc4 24. bxc4 Bb4 25. b3 Nf6 26. f5 Qe7 27. c5 Bb7 28. Qe2 Bxd2+ 29. Kxd2 Qxf7 30. fxe6 Qe8 31. Bd6+ Kg8 32. Rhg1 Bd5 33. Rxg7+ Kxg7 34. Rg1+ Kh8 35. Bf5 Rd8 36. Qe5 Qf8 37. Bxf8 Rxf8 38. e7 Rf7 39. Bd7 Rg8 40. e8Q 1-0

[Event "SUI-ch HT 119th"]
[Site "Leukerbad"]
[Date "2019.07.15"]
[Round "5"]
[White "Lomandong, Marc Antoine"]
[Black "Urwyler, Nikash"]
[Result "1-0"]
[WhiteElo "2073"]
[BlackElo "1959"]
[PlyCount "117"]
[EventDate "2019.07.11"]
[EventType "swiss"]
[EventRounds "9"]
[EventCountry "SUI"]
[SourceTitle "EXT 2020"]
[Source "ChessBase"]
[SourceDate "2019.10.17"]
[SourceVersion "1"]
[SourceVersionDate "2019.10.17"]
[SourceQuality "1"]

1. d4 Nf6 2. Nf3 d5 3. e3 Bf5 4. c4 c6 5. Qb3 Qc7 6. cxd5 cxd5 7. Nc3 e6 8. Bd2 Nc6 9. Nb5 Qd8 10. Ne5 Ne4 11. Nc3 Nxd2 12. Qxb7 Qc8 13. Qxf7+ Kd8 14. Nxc6+ Qxc6 15. Bb5 Qc8 16. Qe8+ Kc7 17. Qc6+ Kd8 18. Qxc8+ Rxc8 19. Kxd2 Bb4 20. Bd3 Bg4 21. a3 Ba5 22. b4 Bb6 23. Ba6 Rb8 24. Rac1 Bf5 25. a4 Kd7 26. Bd3 Rhf8 27. Bxf5 Rxf5 28. f3 Bc7 29. b5 Ba5 30. Kd3 Rg5 31. g3 h5 32. Ne2 Rf5 33. f4 Rff8 34. Rc6 Rfc8 35. Rhc1 Rxc6 36. Rxc6 Bb6 37. Ng1 a6 38. Nf3 axb5 39. axb5 Bd8 40. Ne5+ Ke7 41. Rc5 Ra8 42. Nc6+ Kd7 43. Nxd8 Kxd8 44. b6 Rb8 45. Rc6 Kd7 46. Rc7+ Kd6 47. Rxg7 Rxb6 48. Rg6 Rb3+ 49. Ke2 Rb2+ 50. Kf3 Rxh2 51. f5 h4 52. Rxe6+ Kd7 53. gxh4 Rxh4 54. Kg3 Rh1 55. Kf4 Re1 56. Kg5 Rf1 57. Re5 Kd6 58. Kf6 Rf3 59. Kf7 1-0

[Event "Olympiad-43"]
[Site "Batumi"]
[Date "2018.10.05"]
[Round "11.4"]
[White "Lomandong, Marc Antoine"]
[Black "Liu, Yeh Yang"]
[Result "1-0"]
[WhiteElo "2035"]
[BlackElo "1926"]
[PlyCount "111"]
[EventDate "2018.09.24"]
[EventType "team-swiss"]
[EventRounds "11"]
[EventCountry "GEO"]
[SourceTitle "CBM 187"]
[Source "ChessBase"]
[SourceDate "2018.12.11"]
[SourceVersion "1"]
[SourceVersionDate "2018.12.11"]
[SourceQuality "1"]
[WhiteTeam "Monaco"]
[BlackTeam "Chinese Taipei"]
[WhiteTeamCountry "MNC"]
[BlackTeamCountry "TPE"]

1. d4 c5 2. e3 d5 3. Nf3 Nc6 4. b3 Nf6 5. Bb2 cxd4 6. exd4 Bg4 7. Nbd2 e6 8. Be2 Bd6 9. Ne5 Bxe2 10. Qxe2 0-0 11. 0-0 Rc8 12. c4 Bb8 13. Ndf3 Re8 14. Ng5 Rc7 15. Rad1 h6 16. Nh3 Ne7 17. f4 Ne4 18. Nf2 Nxf2 19. Qxf2 Nf5 20. c5 h5 21. b4 a6 22. a4 Rc8 23. Bc3 Bxe5 24. fxe5 Qd7 25. Ra1 Ra8 26. Qe2 g6 27. Ra3 Kg7 28. Rfa1 Qe7 29. Qd2 Qh4 30. b5 Qe4 31. bxa6 Rxa6 32. Rb3 Ra7 33. a5 Qe3+ 34. Qxe3 Nxe3 35. Rab1 Re7 36. c6 Re8 37. Rxb7 Ra6 38. R1b6 Raa8 39. c7 Rec8 40. a6 Nc4 41. Rc6 Kf8 42. a7 Ke7 43. Rb8 Nb6 44. Rcxb6 Rxa7 45. Rxc8 Kd7 46. Rf8 Kxc7 47. Rxf7+ Kxb6 48. Rxa7 Kxa7 49. Kf2 Kb6 50. Kg3 Kb5 51. Kh4 Kc4 52. Ba1 Kb3 53. Kg5 Ka2 54. Bc3 Kb3 55. Ba5 Kc4 56. Bb6 1-0

[Event "EU-ch U16 28th"]
[Site "Riga"]
[Date "2018.08.21"]
[Round "2"]
[White "Blohberger, Felix"]
[Black "Lomandong, Marc Antoine"]
[Result "1-0"]
[WhiteElo "2427"]
[BlackElo "2045"]
[PlyCount "57"]
[EventDate "2018.08.20"]
[EventType "swiss"]
[EventRounds "9"]
[EventCountry "LAT"]
[SourceTitle "CBM 186 Extra"]
[Source "ChessBase"]
[SourceDate "2018.08.24"]
[SourceVersion "1"]
[SourceVersionDate "2018.08.24"]
[SourceQuality "1"]

1. e4 g6 2. d4 Bg7 3. Nf3 c6 4. Bd3 d5 5. e5 Bg4 6. Nbd2 Nh6 7. h3 Bxf3 8. Nxf3 f6 9. Bf4 Nf7 10. Qe2 0-0 11. 0-0-0 e6 12. h4 f5 13. g4 fxg4 14. Ng5 Nxg5 15. Bxg5 Qe8 16. Qxg4 h5 17. Qg3 c5 18. Bd2 Nc6 19. Bxg6 Nxd4 20. Qg5 Qa4 21. Qxh5 Rf5 22. Qh7+ Kf8 23. Bxf5 exf5 24. Kb1 Qxc2+ 25. Ka1 Qe4 26. Rc1 Rc8 27. Rhg1 Rc7 28. Bh6 Ne6 29. Qh8+ 1-0

[Event "EU-ch U14 27th"]
[Site "Mamaia"]
[Date "2017.09.11"]
[Round "6"]
[White "Mansoor, Afras"]
[Black "Lomandong, Marc Antoine"]
[Result "0-1"]
[WhiteElo "1963"]
[BlackElo "2121"]
[PlyCount "51"]
[EventDate "2017.09.05"]
[EventType "swiss"]
[EventRounds "9"]
[EventCountry "ROU"]
[SourceTitle "CBM 180 Extra"]
[Source "ChessBase"]
[SourceDate "2017.10.06"]
[SourceVersion "1"]
[SourceVersionDate "2017.10.06"]
[SourceQuality "1"]

1. d4 d5 2. c4 e6 3. Nc3 Nf6 4. cxd5 exd5 5. Bg5 Be7 6. Qc2 c6 7. e3 Nbd7 8. Bd3 0-0 9. Nge2 Re8 10. 0-0 Nf8 11. f3 Be6 12. Rad1 Rc8 13. e4 dxe4 14. fxe4 Ng4 15. Bxe7 Qxe7 16. Qc1 c5 17. d5 Bd7 18. Qf4 Ng6 19. Qg3 Qe5 20. Qh3 Qd6 21. Nb5 Qb6 22. Bc4 N4e5 23. Qb3 Nxc4 24. Qxc4 Bxb5 25. Qc2 Ne5 26. Rf5 0-1

[Event "EU-ch U14 27th"]
[Site "Mamaia"]
[Date "2017.09.06"]
[Round "2"]
[White "Zachary, Matheo"]
[Black "Lomandong, Marc Antoine"]
[Result "1-0"]
[WhiteElo "2325"]
[BlackElo "2121"]
[PlyCount "79"]
[EventDate "2017.09.05"]
[EventType "swiss"]
[EventRounds "9"]
[EventCountry "ROU"]
[SourceTitle "CBM 180 Extra"]
[Source "ChessBase"]
[SourceDate "2017.10.06"]
[SourceVersion "1"]
[SourceVersionDate "2017.10.06"]
[SourceQuality "1"]

1. e4 e5 2. Nf3 Nc6 3. Nc3 Nf6 4. Bb5 Bb4 5. d3 d6 6. 0-0 0-0 7. Ne2 a6 8. Ba4 b5 9. Bb3 Bg4 10. Ng3 a5 11. c3 Bc5 12. h3 a4 13. Bc2 Bxf3 14. Qxf3 b4 15. a3 b3 16. Bd1 d5 17. Bg5 d4 18. c4 h6 19. Bd2 Ra6 20. Nf5 Ne7 21. g4 Nxf5 22. gxf5 Nh7 23. Qg3 Be7 24. f4 Bh4 25. Qg4 h5 26. Qg2 exf4 27. Bxf4 g5 28. Bxh5 Rh6 29. Bf3 Kh8 30. Bh2 g4 31. Bxg4 Rg8 32. e5 Ng5 33. Kh1 Nxh3 34. Qxh3 Bg5 35. Qf3 Kg7 36. Rg1 Be3 37. Rg2 Rgh8 38. Rf1 Qe8 39. Qd5 c6 40. f6+ 1-0

[Event "FRA-ch U14"]
[Site "Belfort"]
[Date "2017.04.21"]
[Round "7.2"]
[White "Zachary, Matheo"]
[Black "Lomandong, Marc Antoine"]
[Result "1-0"]
[WhiteElo "2267"]
[BlackElo "2009"]
[PlyCount "71"]
[EventDate "2017.04.16"]
[EventType "swiss"]
[EventRounds "9"]
[EventCountry "FRA"]
[SourceTitle "EXT 2019"]
[Source "ChessBase"]
[SourceDate "2018.10.10"]
[SourceVersion "1"]
[SourceVersionDate "2018.10.10"]
[SourceQuality "1"]

1. e4 g6 2. d4 Bg7 3. Nc3 c6 4. h3 d5 5. Nf3 dxe4 6. Nxe4 Nd7 7. Bd3 Ngf6 8. Nxf6+ Nxf6 9. 0-0 0-0 10. Re1 Re8 11. c3 Qb6 12. Qc2 Bd7 13. Bf4 Rad8 14. Nd2 a5 15. Nc4 Qa7 16. a4 Nd5 17. Bg3 c5 18. Ne5 cxd4 19. Nxd7 dxc3 20. bxc3 Bxc3 21. Bb5 Bxa1 22. Rxa1 Nb4 23. Qe4 Nc6 24. Ne5 Rd4 25. Qf3 Nxe5 26. Bxe5 Red8 27. Bxd4 Qxd4 28. Re1 Qb4 29. Rd1 Rd2 30. Rxd2 Qxd2 31. Qxb7 Qe1+ 32. Bf1 e5 33. g3 e4 34. Kg2 e3 35. Qb8+ Kg7 36. Qe5+ 1-0

[Event "EU-ch U14 26th"]
[Site "Prague"]
[Date "2016.08.22"]
[Round "5"]
[White "Lomandong, Marc Antoine"]
[Black "Kozak, Antoni"]
[Result "1/2-1/2"]
[WhiteElo "1918"]
[BlackElo "2102"]
[PlyCount "73"]
[EventDate "2016.08.18"]
[EventType "swiss"]
[EventRounds "9"]
[EventCountry "CZE"]
[SourceTitle "CBM 174 Extra"]
[Source "ChessBase"]
[SourceDate "2016.10.10"]
[SourceVersion "1"]
[SourceVersionDate "2016.10.10"]
[SourceQuality "1"]

1. d4 Nf6 2. c4 e6 3. Nf3 c5 4. g3 cxd4 5. Nxd4 Nc6 6. Bg2 Qb6 7. Nxc6 bxc6 8. e4 e5 9. 0-0 Be7 10. Qc2 0-0 11. Nc3 Qc7 12. h3 Bc5 13. Kh2 d6 14. Bg5 Nd7 15. Rae1 Bb6 16. Qd2 Nc5 17. f4 f6 18. Bh4 Ne6 19. f5 Nd4 20. g4 h6 21. Bf2 Qf7 22. b3 Bb7 23. Bxd4 Bxd4 24. Ne2 c5 25. h4 a5 26. a4 Bc8 27. Nc1 g5 28. hxg5 hxg5 29. Kg3 Kg7 30. Rh1 Bd7 31. Bf3 Rh8 32. Rxh8 Kxh8 33. Rh1+ Kg7 34. Qh2 Qg8 35. Qh6+ Kf7 36. Qh7+ Qg7 37. Qh5+ 1/2-1/2

[Event "EU-ch U14 26th"]
[Site "Prague"]
[Date "2016.08.21"]
[Round "4"]
[White "Berera, Siddharth"]
[Black "Lomandong, Marc Antoine"]
[Result "0-1"]
[WhiteElo "1676"]
[BlackElo "1918"]
[PlyCount "62"]
[EventDate "2016.08.18"]
[EventType "swiss"]
[EventRounds "9"]
[EventCountry "CZE"]
[SourceTitle "CBM 174 Extra"]
[Source "ChessBase"]
[SourceDate "2016.10.10"]
[SourceVersion "1"]
[SourceVersionDate "2016.10.10"]
[SourceQuality "1"]

1. e4 g6 2. d4 Bg7 3. Nf3 c6 4. c4 d6 5. Be2 Bg4 6. Nc3 Nd7 7. Be3 Bxf3 8. Bxf3 Ngf6 9. Qd2 e5 10. d5 cxd5 11. Nxd5 Nc5 12. Nxf6+ Bxf6 13. Rd1 Be7 14. b4 Ne6 15. 0-0 0-0 16. Qb2 Qc7 17. Be2 Bg5 18. Bxg5 Nxg5 19. Qc2 Ne6 20. Rd3 Rac8 21. Rc1 Nf4 22. Ra3 Qb6 23. Qd2 Nxe2+ 24. Qxe2 Qxb4 25. Rd3 b5 26. c5 Rxc5 27. Rxc5 dxc5 28. Qd1 c4 29. Rd8 Rxd8 30. Qxd8+ Kg7 31. Qd1 c3 0-1

[Event "EU-ch U14 26th"]
[Site "Prague"]
[Date "2016.08.19"]
[Round "2"]
[White "Balashov, Egor"]
[Black "Lomandong, Marc Antoine"]
[Result "1/2-1/2"]
[WhiteElo "1624"]
[BlackElo "1918"]
[PlyCount "88"]
[EventDate "2016.08.18"]
[EventType "swiss"]
[EventRounds "9"]
[EventCountry "CZE"]
[SourceTitle "CBM 174 Extra"]
[Source "ChessBase"]
[SourceDate "2016.10.10"]
[SourceVersion "1"]
[SourceVersionDate "2016.10.10"]
[SourceQuality "1"]

1. d4 d5 2. c4 e6 3. Nf3 Nf6 4. g3 Be7 5. Bg2 0-0 6. 0-0 c6 7. Qc2 Nbd7 8. b3 b6 9. Rd1 Ba6 10. Nbd2 Rc8 11. e4 c5 12. exd5 exd5 13. Bb2 cxd4 14. Nxd4 b5 15. Qf5 bxc4 16. bxc4 Nb6 17. cxd5 Nbxd5 18. Ne4 Qb6 19. Rab1 Qb4 20. Nxf6+ Nxf6 21. Nc6 Qc5 22. Bxf6 Rxc6 23. Qxc5 Bxc5 24. Bxc6 gxf6 25. Rd7 Bc8 26. Rd5 Bb6 27. a4 Be6 28. Rdb5 Rc8 29. Be4 Bd7 30. R5b4 f5 31. Bd3 Rc3 32. Bb5 Be6 33. Kf1 Bd5 34. Rf4 Be4 35. Rb2 Rc1+ 36. Ke2 Bd4 37. Rd2 Bc3 38. f3 Bc2 39. Rc4 Bb3 40. Rc8+ Kg7 41. Rd3 Rc2+ 42. Ke3 Bd2+ 43. Rxd2 Rxc8 44. Kf4 Bxa4 1/2-1/2

[Event "EU-ch U14 26th"]
[Site "Prague"]
[Date "2016.08.18"]
[Round "1"]
[White "Lomandong, Marc Antoine"]
[Black "Salemgareev, Tagir"]
[Result "0-1"]
[WhiteElo "1918"]
[BlackElo "2293"]
[PlyCount "50"]
[EventDate "2016.08.18"]
[EventType "swiss"]
[EventRounds "9"]
[EventCountry "CZE"]
[SourceTitle "CBM 174 Extra"]
[Source "ChessBase"]
[SourceDate "2016.10.10"]
[SourceVersion "1"]
[SourceVersionDate "2016.10.10"]
[SourceQuality "1"]

1. d4 Nf6 2. Nf3 e6 3. Bg5 c5 4. e3 Nc6 5. c3 d5 6. Nbd2 Be7 7. Bd3 0-0 8. 0-0 b6 9. Ne5 Nxe5 10. dxe5 Nd7 11. Bxe7 Qxe7 12. f4 Bb7 13. Rf3 g6 14. Rh3 Rfd8 15. Nf3 Rac8 16. g4 d4 17. exd4 Bxf3 18. Qxf3 cxd4 19. cxd4 Qb4 20. Qf2 Nf8 21. Rf3 Qxd4 22. Qxd4 Rxd4 23. Kf2 Rcd8 24. Ke2 g5 25. Raf1 gxf4 0-1

[Event "FRA-chT U16"]
[Site "Dieppe"]
[Date "2015.05.24"]
[Round "2.5"]
[White "Lomandong, Marc Antoine"]
[Black "Beneteau Desmoulieres, Elian"]
[Result "1-0"]
[WhiteElo "1827"]
[BlackElo "1221"]
[PlyCount "97"]
[EventDate "2015.05.??"]
[EventType "team-tourn"]
[EventRounds "6"]
[EventCountry "FRA"]
[SourceTitle "EXT 2016"]
[Source "ChessBase"]
[SourceDate "2015.10.08"]
[SourceVersion "1"]
[SourceVersionDate "2015.10.08"]
[SourceQuality "1"]

1. d4 d5 2. c4 Nc6 3. Nc3 dxc4 4. d5 Nb4 5. a3 Na6 6. e4 e5 7. Bxc4 Nc5 8. b4 Nd7 9. Qb3 Nb6 10. Bb5+ Bd7 11. Be3 Nf6 12. Bxb6 cxb6 13. Bc4 Bd6 14. Nge2 Rc8 15. 0-0 0-0 16. Rae1 a6 17. Bd3 b5 18. h3 Qb6 19. Kh1 Rc7 20. f4 exf4 21. Nxf4 Bxf4 22. Rxf4 Nh5 23. Rf3 Qd4 24. Ne2 Qe5 25. Ref1 Nf6 26. Qb1 Re8 27. Rf4 Bc8 28. Qe1 b6 29. Qf2 Ree7 30. Qxb6 Ra7 31. Qd4 Qxd4 32. Nxd4 Bd7 33. Rc1 Ra8 34. Kg1 h6 35. Nb3 Rae8 36. Nc5 g5 37. Rxf6 Bc8 38. d6 Ra7 39. Re1 Be6 40. Nxe6 Rxe6 41. Rxe6 fxe6 42. e5 Kf8 43. Rf1+ Ke8 44. Bg6+ Kd7 45. Rf7+ Kd8 46. Rxa7 Kc8 47. Bf7 Kd8 48. Bxe6 Ke8 49. Ra8# 1-0

[Event "FRA-ch U12"]
[Site "Pau"]
[Date "2015.05.02"]
[Round "8"]
[White "Lomandong, Marc Antoine"]
[Black "Harutyunyan, Ruben"]
[Result "1/2-1/2"]
[WhiteElo "1827"]
[BlackElo "1980"]
[PlyCount "82"]
[EventDate "2015.04.26"]
[EventType "swiss"]
[EventRounds "9"]
[EventCountry "FRA"]
[SourceTitle "CBM 166 Extra"]
[Source "ChessBase"]
[SourceDate "2015.06.18"]
[SourceVersion "1"]
[SourceVersionDate "2015.06.18"]
[SourceQuality "1"]

1. d4 e6 2. Nf3 c5 3. c3 d5 4. Bf4 Nf6 5. e3 Nc6 6. Nbd2 Bd6 7. Bg3 Qe7 8. Ne5 Nd7 9. Bb5 Ncxe5 10. dxe5 Bc7 11. Qg4 Rg8 12. Nf3 a6 13. Bd3 f5 14. exf6 Nxf6 15. Qg5 Rh8 16. Bxc7 Qxc7 17. Ne5 b6 18. Ng4 Nxg4 19. Qxg4 Qf7 20. Qg3 Kd7 21. e4 Bb7 22. 0-0-0 Raf8 23. exd5 exd5 24. Qg4+ Kc7 25. Rhe1 Re8 26. Bf5 Kb8 27. Be6 Qg6 28. f3 Qxg4 29. Bxg4 Kc7 30. f4 Kd6 31. g3 Bc6 32. Bf3 Rxe1 33. Rxe1 Re8 34. Rxe8 Bxe8 35. Kd2 Bd7 36. g4 Bc8 37. h4 Bd7 38. Ke3 g6 39. Be2 a5 40. Bf3 Be6 41. Be2 Bd7 1/2-1/2

[Event "FRA-ch U12"]
[Site "Montbeliard"]
[Date "2014.04.23"]
[Round "5"]
[White "Gatineau, Yovann"]
[Black "Lomandong, Marc Antoine"]
[Result "1-0"]
[WhiteElo "1787"]
[BlackElo "1747"]
[PlyCount "79"]
[EventDate "2014.04.21"]
[EventType "swiss"]
[EventRounds "9"]
[EventCountry "FRA"]
[SourceTitle "CBM 160 Extra"]
[Source "ChessBase"]
[SourceDate "2014.07.01"]
[SourceVersion "1"]
[SourceVersionDate "2014.07.01"]
[SourceQuality "1"]

1. e4 e5 2. Nf3 Nc6 3. Bb5 a6 4. Ba4 Nf6 5. 0-0 Be7 6. Re1 b5 7. Bb3 0-0 8. a4 Bb7 9. d3 d6 10. Nc3 b4 11. Nd5 Nxd5 12. Bxd5 Na5 13. Bxb7 Nxb7 14. d4 Bf6 15. dxe5 Bxe5 16. Qd5 Rb8 17. Nxe5 dxe5 18. Qxe5 Re8 19. Qf4 Nc5 20. f3 Qd7 21. b3 Ne6 22. Qe3 Nd4 23. Qf2 Rbd8 24. Be3 Re6 25. Bxd4 Qxd4 26. Qxd4 Rxd4 27. Rad1 Red6 28. Rxd4 Rxd4 29. Kf2 c5 30. Ke2 Kf8 31. Rd1 Rxd1 32. Kxd1 Ke7 33. Kd2 Ke6 34. Kd3 h5 35. Kc4 Kd6 36. e5+ Kc6 37. h4 g6 38. f4 a5 39. g3 Kb6 40. Kd5 1-0

[Event "EU-ch U10 23rd"]
[Site "Budva"]
[Date "2013.10.07"]
[Round "8"]
[White "Bakos, Balazs1111"]
[Black "Lomandong, Marc Antoine"]
[Result "1-0"]
[WhiteElo "1587"]
[BlackElo "1727"]
[PlyCount "77"]
[EventDate "2013.09.29"]
[EventType "swiss"]
[EventRounds "9"]
[EventCountry "MNE"]
[SourceTitle "EXT 2014"]
[Source "ChessBase"]
[SourceDate "2013.11.20"]
[SourceVersion "1"]
[SourceVersionDate "2013.11.20"]
[SourceQuality "1"]

1. e4 e5 2. Nf3 Nc6 3. d4 exd4 4. Nxd4 Qh4 5. Nb5 Kd8 6. N1c3 a6 7. g3 Qf6 8. Nxc7 Bc5 9. Bf4 Ra7 10. Qh5 Qe7 11. N7d5 Qe6 12. Bc7+ Ke8 13. Bb8 Bd6 14. Bxa7 Nxa7 15. Bh3 Qg6 16. Qxg6 hxg6 17. Bg2 b5 18. 0-0-0 Bc5 19. f4 Bb7 20. e5 Bc6 21. Nc7+ Ke7 22. Bxc6 dxc6 23. Nxa6 Bb6 24. Nb4 Bc5 25. Nd3 Bb6 26. Nb4 Bc5 27. a3 Nh6 28. Rd2 Ng4 29. Kb1 Nf2 30. Rf1 Ke6 31. Rdxf2 Bxf2 32. Rxf2 Rd8 33. Kc1 c5 34. Nd3 c4 35. Nc5+ Kf5 36. Rd2 Rh8 37. Nb7 Kg4 38. Nd6 Rb8 39. Nxf7 1-0

[Event "EU-ch U10 23rd"]
[Site "Budva"]
[Date "2013.10.06"]
[Round "7"]
[White "Lomandong, Marc Antoine"]
[Black "Subelj, Jan"]
[Result "1/2-1/2"]
[WhiteElo "1727"]
[BlackElo "1589"]
[PlyCount "106"]
[EventDate "2013.09.29"]
[EventType "swiss"]
[EventRounds "9"]
[EventCountry "MNE"]
[SourceTitle "EXT 2014"]
[Source "ChessBase"]
[SourceDate "2013.11.20"]
[SourceVersion "1"]
[SourceVersionDate "2013.11.20"]
[SourceQuality "1"]

1. d4 d5 2. c4 Nf6 3. Nc3 Bf5 4. Qb3 Nc6 5. Nf3 e6 6. c5 Rb8 7. Bf4 Be7 8. Qa4 0-0 9. e3 a6 10. Be2 Ra8 11. 0-0 Nh5 12. Bg3 Nxg3 13. hxg3 Re8 14. Rfd1 Qd7 15. b4 Nb8 16. Qxd7 Nxd7 17. a4 b6 18. Nh4 Bxh4 19. gxh4 bxc5 20. dxc5 c6 21. g4 Bc2 22. Rd2 Bg6 23. h5 Bxh5 24. gxh5 Reb8 25. Na2 a5 26. b5 Nxc5 27. Rc2 Nxa4 28. Rxc6 Nb6 29. Rac1 h6 30. Bd3 Nd7 31. Ra6 Ne5 32. Rxa8 Rxa8 33. b6 Rb8 34. b7 Nc4 35. Bxc4 dxc4 36. Rxc4 Rxb7 37. Rc5 Ra7 38. Rc8+ Kh7 39. Kg2 Rd7 40. Rc5 a4 41. Ra5 a3 42. Rxa3 Rd5 43. Ra7 Rg5+ 44. Kf3 f6 45. Nc3 Rxh5 46. Ne4 Rf5+ 47. Kg3 Kg6 48. f4 Rd5 49. Kf3 h5 50. Ra4 Kf7 51. Ra1 Rd7 52. Rh1 g6 53. Rg1 Rd5 1/2-1/2

[Event "FRA-chT U20 GpA 1213"]
[Site "France"]
[Date "2013.01.05"]
[Round "5"]
[White "Buyukyalcin Moussa, Elyes"]
[Black "Lomandong, Marc Antoine"]
[Result "0-1"]
[WhiteElo "1440"]
[BlackElo "1603"]
[PlyCount "56"]
[EventDate "2012.12.01"]
[EventType "team"]
[EventRounds "7"]
[EventCountry "FRA"]
[SourceTitle "EXT 2014"]
[Source "ChessBase"]
[SourceDate "2013.11.20"]
[SourceVersion "1"]
[SourceVersionDate "2013.11.20"]
[SourceQuality "1"]
[WhiteTeam "Bischwiller (U20)"]
[BlackTeam "Monaco (U20)"]
[WhiteTeamCountry "FRA"]
[BlackTeamCountry "FRA"]

1. e4 e5 2. Nf3 Nc6 3. Bc4 Be7 4. c3 Nf6 5. d4 d6 6. dxe5 dxe5 7. Qxd8+ Bxd8 8. Bd3 0-0 9. Be3 Be6 10. Nbd2 Be7 11. Bb5 Bd6 12. 0-0 Ne7 13. Bg5 Ng6 14. Bxf6 gxf6 15. Bc4 Rad8 16. Bb3 Kh8 17. Kh1 Bc5 18. Kg1 Rd7 19. Rad1 Rfd8 20. h3 Nf4 21. Bc2 Rg8 22. g3 Rxg3+ 23. Kh1 Rxh3+ 24. Nh2 Bc4 25. Nxc4 Rxd1 26. Bxd1 b5 27. Bg4 Rd3 28. Na5 h5 0-1

[Event "FRA-chT U20 GpA 1213"]
[Site "France"]
[Date "2013.01.05"]
[Round "6"]
[White "Lomandong, Marc Antoine"]
[Black "Charbonnel, Christophe"]
[Result "1-0"]
[WhiteElo "1603"]
[BlackElo "1240"]
[PlyCount "61"]
[EventDate "2012.12.01"]
[EventType "team"]
[EventRounds "7"]
[EventCountry "FRA"]
[SourceTitle "EXT 2014"]
[Source "ChessBase"]
[SourceDate "2013.11.20"]
[SourceVersion "1"]
[SourceVersionDate "2013.11.20"]
[SourceQuality "1"]
[WhiteTeam "Monaco (U20)"]
[BlackTeam "Vandoeuvre U20"]
[WhiteTeamCountry "FRA"]
[BlackTeamCountry "FRA"]

1. d4 d6 2. c4 Nf6 3. Nc3 g6 4. e4 Bg7 5. f3 0-0 6. Be3 b6 7. Qd2 Bb7 8. Bh6 Nbd7 9. Bxg7 Kxg7 10. g4 e5 11. d5 Nc5 12. h4 c6 13. h5 cxd5 14. hxg6 fxg6 15. Qh6+ Kg8 16. Nxd5 Bxd5 17. cxd5 Rc8 18. Nh3 b5 19. b4 Na6 20. Ng5 Qe7 21. Ne6 Rfe8 22. Bxb5 Nxb4 23. Kf2 Rc2+ 24. Kg3 Rb8 25. Ba4 Rc4 26. Rhc1 Rxc1 27. Rxc1 Nd3 28. Rc7 Qxc7 29. Nxc7 Nc5 30. Ne6 Nxa4 31. Qg7# 1-0

[Event "FRA-chT U20 GpA 1213"]
[Site "France"]
[Date "2012.12.02"]
[Round "3"]
[White "Djian, Lenny"]
[Black "Lomandong, Marc Antoine"]
[Result "1/2-1/2"]
[WhiteElo "1353"]
[BlackElo "1603"]
[PlyCount "62"]
[EventDate "2012.12.01"]
[EventType "team"]
[EventRounds "7"]
[EventCountry "FRA"]
[SourceTitle "EXT 2014"]
[Source "ChessBase"]
[SourceDate "2013.11.20"]
[SourceVersion "1"]
[SourceVersionDate "2013.11.20"]
[SourceQuality "1"]
[WhiteTeam "Cannes (U20)"]
[BlackTeam "Monaco (U20)"]
[WhiteTeamCountry "FRA"]
[BlackTeamCountry "FRA"]

1. d4 d5 2. c4 c6 3. e3 Nf6 4. Nf3 e6 5. Bd3 Nbd7 6. 0-0 Be7 7. cxd5 exd5 8. Nc3 0-0 9. Re1 Re8 10. Bb1 Bb4 11. Qc2 g6 12. Qb3 Ba5 13. Bd2 Kg7 14. e4 Bxc3 15. Bxc3 dxe4 16. Ng5 Nd5 17. Nxe4 N7b6 18. Bd3 Bf5 19. Qc2 Bxe4 20. Bxe4 Qg5 21. Qd2 Qf6 22. Bxd5 Nxd5 23. Re5 Rxe5 24. dxe5 Qe6 25. Re1 Rd8 26. h3 Rd7 27. Qc2 Nb6 28. b3 Rd5 29. Qe4 Nd7 30. Qf4 h6 31. Qg3 Nc5 1/2-1/2